00745nam a2200169 a 450000100100000000500170001000800410002704000250006824500610009326000950015430000210024971000630027004900090033395201050034295201110044799900170055800002678920200930030419.0110325s1981 dr 000 0 spa d aDO-SdBNPbspacBNPHU00aManual de inspección y supervisión de edificaciones. aSanto Domingo :bSecretaría de Estado de Obras Públicas y ComunicacionesbONAS,c1981. a117 P. ;c28 cm.1 aDepartamento de Normas Reglamento y Sistemas (ONAS)953900 aBNPD 0010718PDaPDbPDcCTd2011-03-25iLF1l0o p26789-10r2020-06-25w2020-06-25yLFPDZNo se presta 0010718PDaPDbPDcCTd2011-04-18iLF1l0o p26789-20r2020-06-25te. 2w2020-06-25yLFPDZNo se presta c26281d26281